Handbook of metaheuristics

Gespeichert in:
Bibliographische Detailangaben
Hauptverfasser: Glover, Fred (VerfasserIn), Kochenberger, Gary A (VerfasserIn)
Format: Buch
Sprache:Englisch
Veröffentlicht: Norwell Kluwer Academic 2003
Schriftenreihe:International Series in Operations Research & Management Science
Schlagworte:
Tags: Tag hinzufügen
Keine Tags, Fügen Sie den ersten Tag hinzu!

MARC

LEADER 00000nam a2200000 a 4500
001 UCL4851
003 CL-VaPUC
008 040227e20030000US |||||||||||||||||eng|d
020 |a 1402072635 
082 0 4 |a 658.4034  |b GLO  |2 21 
100 0 |a Glover, Fred  |e author  |9 482528 
700 0 |a Kochenberger, Gary A  |e author  |9 482529 
245 1 0 |a Handbook of metaheuristics 
300 |a 556 p 
942 |c BK 
945 |d 20040227 00:00:00  |a cmena 
260 |a Norwell  |b Kluwer Academic  |c 2003 
650 0 |a Optimización matemática  |9 259780 
650 0 |a Investigación de operaciones  |9 356906 
650 0 |a Gestión de la información   |9 362327 
650 0 |a Toma de decisiones   |9 257530 
583 |a last modification  |c 20040227 00:00:00  |k Rodrigo Vera 
490 0 |a International Series in Operations Research & Management Science 
999 |c 307608  |d 307606 
952 |0 0  |1 0  |4 0  |6 658_403400000000000_GLO_2003  |7 0  |8 A  |9 373648  |a BIBING  |b BIBING  |d 2019-11-21  |i 4107039  |o 658.4034 GLO 2003  |p 4107039  |r 2025-01-20  |w 2019-11-21  |y BK  |k CCI